000 00696nam a2200253Ia 4500
003 OSt
005 20220918191952.0
006 a|||||r|||| 00| 0
007 ta
008 220917b |||||||| |||| 00| 0 eng d
024 _a66,247
037 _cTextual
040 _aARTS
_cARTS
_beng
041 _2eng
_aeng
082 _aR3xC57,P:g, M7
100 _aFerrari G R F
_977910
245 0 _aListening to the cicadas
_b a study of Plato's Phaedrus
260 _aCambridge
_bCUP
_c1987
300 _axiii,293p.
_ccm.
490 _aCambridge classical studies
500 _aBib 286-89p
942 _hR3xC57,P:g, M7
_cTEXL
_2CC
999 _c192481
_d192481